| 000 | 00870nas a2200289 4500 | ||
|---|---|---|---|
| 001 | BR2012009299 | ||
| 003 | BR-BrBNA | ||
| 005 | 20231205121652.0 | ||
| 007 | ta | ||
| 008 | 230509b bl.|||p| |||| 00| 00por d | ||
| 040 |
_aBR-BrBNA _bpor _cBiblioteca Nacional de Agricultura |
||
| 041 | _a(Pt) | ||
| 072 | _aL73 | ||
| 100 | 1 | _aGarino Junior, F. | |
| 100 | 1 | _aMatos, R.A.T. | |
| 100 | 1 | _aMiranda Neto, E.G. | |
| 100 | 1 | _aBernardino, J.N.N. | |
| 100 | 1 | _aSantos, E.D. | |
| 100 | 1 | _aAguiar, G.M.N. | |
| 245 | 1 | _aMastite clínica caprina causada por Arcanobacterium pyogenes | |
| 650 | _aCAPRINO | ||
| 650 | _aMAMITE | ||
| 650 | _aBACTERIA | ||
| 773 | 0 |
_tArquivo Brasileiro de Medicina Veterinária e Zootecnia (Brazil) _xISSN 0102-0935 _g(Aug 2012), v. 64(4) p. 1070-1073 _wBR2012009299 |
|
| 909 |
_a202311 _bLúcia _c55 _dLúcia Elande |
||
| 942 |
_2AGRIS _n0 _cANA |
||
| 999 |
_c224641 _d224641 |
||